000
00247nam a2200109Ia 4500
008
201231s9999 xx 000 0 und d
100
_a
Molitor, Andre
245
0
_a
Public Administration
260
_a
Geneva
_b
UNESCO
300
_a
192
942
_c
BK
999
_c
10095
_d
10095